|
|
|
|
| LEADER |
01747nam a22003137i 4500 |
| 001 |
10119960 |
| 003 |
GR-PaULI |
| 005 |
20250329063435.0 |
| 008 |
160419s2015 gr f b 0 gre d |
| 020 |
|
|
|a 9789604354733
|
| 040 |
|
|
|a GR-PaULI
|b gre
|c GR-PaULI
|e ACR2
|
| 041 |
1 |
|
|a gre
|h grc
|
| 082 |
0 |
4 |
|a 184
|2 23
|
| 100 |
0 |
|
|a Πλάτων,
|d 427-347
|e συγγραφέας
|9 5484
|
| 245 |
1 |
0 |
|a Φαίδρος /
|c Πλάτων; εισαγωγή-μετάφραση-σημειώσεις Ν.Μ. Σκουτερόπουλος.
|
| 260 |
|
|
|a Αθήνα :
|b Πόλις,
|c 2015.
|
| 300 |
|
|
|a 211 σ. ;
|c 24 εκ.
|
| 504 |
|
|
|a Περιλαμβάνει βιβλιογραφία.
|
| 650 |
|
4 |
|a Πλατωνική φιλοσοφία
|9 5485
|
| 700 |
1 |
|
|a Σκουτερόπουλος, Νικόλαος Μ.,
|d 1938-
|e μεταφραστής
|9 132387
|
| 852 |
|
|
|a GR-PaULI
|b ΠΑΤΡΑ
|b ΒΚΠ
|b ΒΣ1
|k ΑΣΧΕ
|h 184 ΠΛΑ
|m 133864
|p 025000250380
|t 1
|
| 852 |
|
|
|a GR-PaULI
|b ΠΑΤΡΑ
|b ΒΚΠ
|b ΒΣ1
|k ΑΣΧΕ
|h 184 ΠΛΑ
|m 133865
|p 025000250381
|t 2
|
| 942 |
|
|
|2 ddc
|c BK15
|
| 952 |
|
|
|0 0
|1 0
|4 0
|6 184_000000000000000_ΠΛΑ
|7 0
|9 192740
|a LISP
|b LISP
|c BSC
|d 2016-04-24
|i 133864
|l 9
|m 1
|o 184 ΠΛΑ
|p 025000250380
|r 2024-09-16 14:29:01
|s 2024-07-05
|t 1
|v 2016.00
|w 2016-04-24
|y BK15
|
| 952 |
|
|
|0 0
|1 0
|4 0
|6 184_000000000000000_ΠΛΑ
|7 0
|9 192741
|a LISP
|b LISP
|c BSC
|d 2016-04-24
|i 133865
|l 6
|m 1
|o 184 ΠΛΑ
|p 025000250381
|r 2025-03-20 12:39:51
|s 2025-02-27
|t 2
|v 2016.00
|w 2016-04-24
|y BK15
|
| 952 |
|
|
|0 0
|1 0
|2 ddc
|4 0
|6 184_000000000000000_ΠΛΑ
|7 0
|9 212772
|a PHIL
|b PHIL
|d 2017-05-30
|i 11897
|l 4
|o 184 ΠΛΑ
|p 025000242877
|q 2025-04-08
|r 2025-04-01 13:09:17
|s 2025-04-01
|t 3
|v 2017.00
|w 2017-05-30
|y BK15
|
| 998 |
|
|
|c ΒΑΣΙΛΕΙΟΥ
|d 2016-04
|
| 998 |
|
|
|c ΚΑΝΕΛΛΟΠΟΥΛΟΥ
|d 2017-05
|
| 999 |
|
|
|c 118180
|d 118180
|